The Employment Effect of Technical Change (Record no. 2983)

MARC details
000 -LEADER
fixed length control field 00349nam a22001337a 4500
008 - FIXED-LENGTH DATA ELEMENTS--GENERAL INFORMATION
fixed length control field 250414b |||||||| |||| 00| 0 eng d
020 ## - INTERNATIONAL STANDARD BOOK NUMBER
ISBN 0745001335
100 ## - MAIN ENTRY--AUTHOR
Author KATSOULACOS, Y.
245 ## - TITLE STATEMENT
Title The Employment Effect of Technical Change
260 ## - PUBLICATION, DISTRIBUTION, ETC. (IMPRINT)
Place of publication Great Britain
Name of publisher Honiton Devon
Date of publication 1986
300 ## - COLLATION
Pagination xiv, 162p.
942 ## - ADDED ENTRY ELEMENTS (KOHA)
Item type Books
050 ## - LIBRARY OF CONGRESS CALL NUMBER
Classification number HD6331
Item number .K38
Holdings
Source of classification or shelving scheme Not for loan Permanent location Current location Date acquired Accession No. Full call number Barcode. Koha item type
Library of Congress Classification   Samuel Ogbemudia Main Library, University of Abuja Samuel Ogbemudia Main Library, University of Abuja 04/14/2025 91-002734 HD6331.K38 2025-1347 Books
Library of Congress Classification   Samuel Ogbemudia Main Library, University of Abuja Samuel Ogbemudia Main Library, University of Abuja 04/14/2025 91-002734 HD6331.K38 2025-1348 Books